000 01723nam0a2200325 4500
001 RU\NLR\bibl\1134714
005 20250615072203.0
010 _a978-5-8437-0010-2
_91000
021 _aRU
_b2007-57207
_93041
035 _a(NLR Aleph) 001121603
090 _a1301640
_c1301640
100 _a20071001d2007 |||y0rusy50 ca
101 0 _arus
102 _aRU
105 _aa |||||||||
200 1 _aРазвитие профессиональной компетентности педагога колледжа: теоретические и практические основы
_eмонография
_fН.М. Гурбо
210 _aМагнитогорск
_cредакционно-издательский отдел Магнитогроского государственного профессионально-педагогического колледжа
_aЧелябинск
_cИзд-во Уральского государственного университета физической культуры
_d2007
215 _a223 с.
_cил.
_d20
300 _aНа 4-й с. обл. авт.: Гурбо Н.М. - засл. учитель Рос. Федерации, к.п.н.
320 _aБиблиогр.: с. 166-182 (269 назв.) и в тексте
606 1 _aПрофессиональные колледжи
_xПреподаватели
_xПедагогическое мастерство
_92497353
_3RU\NLR\auth\661481405
686 _aЧ471.421
700 1 _aГурбо
_bН. М.
_gНиколай Михайлович
_4070
801 0 _aRU
_bNLR
_c20071001
_gRCR
801 1 _aRU
_bNLR
_c20071001
830 _aАвт. по кн.
942 _cBOOK
980 _aNB
980 _aNBR